Statistics for Eurovision Countries with a Barbara Dex Award

Click here to take the quiz!

General Stats

  • This quiz has been taken 185 times
    (111 since last reset)
  • The average score is 16 of 22

Answer Stats

HintArtist who recieved awardAnswer% Correct
2007Verka SerduchkaUkraine
95%
2018Eye CueNorth Macedonia
91%
2017Slavko KalezićMontenegro
91%
2016Nina KraljićCroatia
90%
2013Moje 3Serbia
90%
2010Milan StankovićSerbia
89%
2012Rona NishliuAlbania
88%
2003t.A.T.u.Russia
86%
2015Trijntje OosterhuisThe Netherlands
85%
2014Vilija MatačiūnaitėLithuania
83%
2008GiselaAndorra
72%
2011EldrineGeorgia
71%
2009Zoli ÁdokHungary
65%
2002Michalis RakintzisGreece
62%
2004Sanda LadoșiRomania
61%
2005Martin VučićNorth Macedonia
60%
1998Guildo HornGermany
55%
2001PiasekPoland
55%
1997Debbi ScerriMalta
50%
2000Nathalie SorceBelgium
45%
1999LydiaSpain
45%
2006NonstopPortugal
44%

Score Distribution

Percentile by Number Answered

Percent of People with Each Score

Your Score History

You have not taken this quiz since the last reset